Provincias españolas con el mayor porcentaje de americanos - Estadísticas

Estadísticas generales
  • Esta prueba ha sido intentada 26 veces
  • La puntuación promedio es 8 de 10
Estadísticas de respuestas
% Provincia % Correcto
6,04 Madrid
100%
5,00 Barcelona
95%
3,52 Valencia
95%
4,59 Gerona
82%
3,43 Santa Cruz
82%
4,84 Baleares
68%
3,58 Murcia
64%
3,79 Guadalajara
59%
3,49 Navarra
59%
3,54 Vizcaya
55%
No se encontraron pruebas coincidentes
Distribución de puntuación
Porcentaje de gente con cada puntuación
Porcentaje por número respondido
Historial de tus puntuaciones
No has intentado esta prueba.